LEADER 01474nam 2200397Ia 450 001 996385429103316 005 20200824132214.0 035 $a(CKB)4940000000079074 035 $a(EEBO)2240952177 035 $a(OCoLC)ocm12802851e 035 $a(OCoLC)12802851 035 $a(EXLCZ)994940000000079074 100 $a19851116d1663 uy | 101 0 $aeng 135 $aurbn||||a|bb| 200 12$aA compendious history of the Turks$b[electronic resource] $ein two volumes, containing an exact account of the originall of that people, the rise of the Othoman family, and the valiant undertakings of the Christians against them, with their various events /$fby Andrew Moore .. 205 $aThe second edition, continued and enlarged to this present time. 210 $aLondon $cPrinted by John Streater$d1663 215 $a2 v. (ca 1531 p., [13] p.) 300 $aCaption title: The history of the Turks. 300 $aInclude table of events at end. 300 $aImperfect: tightly bound with loss of print. 300 $aNumerous errors in paging. 300 $aReproduction of original in the Cambridge University Library. 330 $aeebo-0021 606 $aTurks 607 $aTurkey$xHistory 615 0$aTurks. 700 $aMoore$b Andrew$cGent.$01000935 801 0$bEAF 801 1$bEAF 801 2$bWaOLN 906 $aBOOK 912 $a996385429103316 996 $aA compendious history of the Turks$92297507 997 $aUNISA LEADER 02574oam 2200613 450 001 9910716731603321 005 20211130142010.0 035 $a(CKB)5470000002524862 035 $a(OCoLC)1265091735 035 $a(EXLCZ)995470000002524862 100 $a20210826d2012 ua 0 101 0 $aeng 135 $aur||||||||||| 181 $ctxt$2rdacontent 182 $cc$2rdamedia 183 $acr$2rdacarrier 200 10$aAquatox (release 3.1) $emodeling environmental fate and ecological effects in aquatic ecosystems /$fJonathan S. Clough 210 1$aWashington, DC :$cU.S. Environmental Protection Agency, Office of Water, Office of Science and Technology,$d2012. 215 $a1 online resource (2 volumes) $ccolor illustrations 300 $a"Richard A. Park"--V.2. 300 $a"August 2012." 300 $a"EPA-820-R-12-016"--V.1, cover. 300 $a"EPA-820-R-12-015"--V.2, cover. 300 $a"Work was performed under EPA contract number 68-C-01-0037 with AQUA TERRA Consultants and EPA contract number EP-C-12-006 with Horsley Witten Group"--V.1, Acknowledgements. 320 $aIncludes bibliographical references. 327 $av.1. User's manuals -- v.2. Technical documentation. 517 $aAquatox 606 $aAquatic ecology$zUnited States$xComputer simulation$vHandbooks, manuals, etc 606 $aWater$xPollution$zUnited States$xComputer simulation$vHandbooks, manuals, etc 606 $aWater quality management$zUnited States$xComputer simulation$vHandbooks, manuals, etc 606 $aAquatic ecology$xComputer simulation$2fast 606 $aWater$xPollution$xComputer simulation$2fast 606 $aWater quality management$xComputer simulation$2fast 607 $aUnited States$2fast 608 $aHandbooks and manuals.$2fast 608 $aHandbooks and manuals.$2lcgft 615 0$aAquatic ecology$xComputer simulation 615 0$aWater$xPollution$xComputer simulation 615 0$aWater quality management$xComputer simulation 615 7$aAquatic ecology$xComputer simulation. 615 7$aWater$xPollution$xComputer simulation. 615 7$aWater quality management$xComputer simulation. 700 $aClough$b Jonathan S.$01405962 702 $aPark$b R. A. 712 02$aUnited States.$bEnvironmental Protection Agency.$bOffice of Science and Technology, 801 0$bGPO 801 1$bGPO 801 2$bOCLCO 801 2$bOCLCF 801 2$bGPO 906 $aBOOK 912 $a9910716731603321 996 $aAquatox (release 3.1)$93483583 997 $aUNINA